Crisis : (Registro nro. 5616)

Detalles MARC
000 -LEADER
fixed length control field 01045nam a2200277Ia 4500
003 - CONTROL NUMBER IDENTIFIER
control field OSt
005 - DATE AND TIME OF LATEST TRANSACTION
control field 20200718012621.0
008 - FIXED-LENGTH DATA ELEMENTS--GENERAL INFORMATION
fixed length control field 191128s2000 ck fr 000 0dspa d
020 ## - INTERNATIONAL STANDARD BOOK NUMBER
International Standard Book Number 9589136052
040 ## - CATALOGING SOURCE
Original cataloging agency CO-JMCR
Transcribing agency CO-JMCR
041 0# - LANGUAGE CODE
Language code of text/sound track or separate title spa
082 04 - DEWEY DECIMAL CLASSIFICATION NUMBER
Classification number 338.986 /
Item number G516c
Edition number 23
100 1# - MAIN ENTRY--PERSONAL NAME
Personal name Giraldo Samper, Marcela,
Relator term autor
9 (RLIN) 6975
245 10 - TITLE STATEMENT
Title Crisis :
Remainder of title antecedentes, incertidumbres y salidas /
Statement of responsibility, etc. Marcela Giraldo Samper
250 ## - EDITION STATEMENT
Edition statement Primera edición
260 ## - PUBLICATION, DISTRIBUTION, ETC.
Place of publication, distribution, etc. Bogotá :
Name of publisher, distributor, etc. Ediciones Aurora,
Date of publication, distribution, etc. 2000
300 ## - PHYSICAL DESCRIPTION
Extent 285 páginas ;
Dimensions 21 cm.
500 ## - GENERAL NOTE
General note Incluye datos biográficos de la autora en la solapa.
500 ## - GENERAL NOTE
General note "Nuevo reportaje a la economía. Polemizan los protagonistas"-- tapa
505 0# - FORMATTED CONTENTS NOTE
Formatted contents note Los que están en el poder -- Los que estuvieron -- Los que no han estado
650 14 - SUBJECT ADDED ENTRY--TOPICAL TERM
Topical term or geographic name entry element Economía
Geographic subdivision Colombia
9 (RLIN) 7273
650 14 - SUBJECT ADDED ENTRY--TOPICAL TERM
Topical term or geographic name entry element Economistas colombianos
General subdivision entrevistas
9 (RLIN) 7524
650 14 - SUBJECT ADDED ENTRY--TOPICAL TERM
Topical term or geographic name entry element Pronóstico de la economía
Chronological subdivision Siglo XXI
Geographic subdivision Colombia
9 (RLIN) 7525
651 #4 - SUBJECT ADDED ENTRY--GEOGRAPHIC NAME
Geographic name Colombia
General subdivision condiciones económicas
9 (RLIN) 7526
942 ## - ADDED ENTRY ELEMENTS (KOHA)
Source of classification or shelving scheme Dewey Decimal Classification
Koha item type Books
Existencias
Withdrawn status Lost status Source of classification or shelving scheme Damaged status Not for loan Collection code Home library Current library Date acquired Source of acquisition Full call number Barcode Date last seen Copy number Koha item type
    Dewey Decimal Classification     Non-fiction Biblioteca Pública José María del Castillo y Rada Biblioteca Pública José María del Castillo y Rada 04/15/2018 Donación 338.986 / G516c 430002639 05/16/2024 Ej.1 Books